000
00326pab a2200145 454500
008
180718b1983 xxu||||| |||| 00| 0 eng d
100
_a
Kabra, Kamal Nayan
245
_a
Nationalised banks, a critique
260
_c
1983
300
_a
4-7
362
_a
16 July
650
_a
Banks - India
773
_a
Yojana
909
_a
4322
999
_c
4322
_d
4322